Province dell'Emilia-Romagna per Popolazione - Statistics

Statistiche generali
  • Questo quiz è stato fatto 38 volte
  • Il punteggio medio è 9 su 9
Statistiche sulle risposte
Popolazione (ab.) Provincia o Città metropolitana % Corretto
1 017 196 Città metropolitana di Bologna
100%
345 691 Provincia di Ferrara
100%
705 393 Provincia di Modena
100%
287 674 Provincia di Piacenza
100%
389 456 Provincia di Ravenna
100%
337 276 Provincia di Rimini
100%
451 631 Provincia di Parma
97%
531 891 Provincia di Reggio Emilia
97%
394 627 Provincia di Forlì-Cesena
88%
Nessun quiz corrispondente trovato
Distribuzione punteggi
Percentuale di utenti per punteggio
Percentile per numero di risposta
I tuoi punteggi nel tempo
Non hai fatto questo quiz